Bytový dom

Enregistré dans:
Détails bibliographiques
Auteur principal: Sirotňáková, Simona (Auteur)
Autres auteurs: Dlhý, Dušan (Directeur de thèse)
Format: Manuscrit Livre
Langue:slovaque
Publié: 2023
Sujets:
Accès en ligne:http://is.stuba.sk/zp/portal_zp.pl?podrobnosti=156715
https://opac.crzp.sk/?fn=detailBiblioForm&sid=0A15AC6E5E2ED0F3D5D5C0342BCF
Tags: Ajouter un tag
Pas de tags, Soyez le premier à ajouter un tag!

MARC

LEADER 00000ntm a22000003a 4500
001 stuzp93693
003 SK-STU
005 20230921113118.8
007 ta
008 150427s2015----xo-----f-mn---000-0-slo-d
040 |a STU  |b slo 
041 0 |a slo 
100 1 |a Sirotňáková, Simona  |u 010180  |4 aut  |U SvF Stavebná fakulta  |T SvF Katedra konštrukcií pozemných stavieb  |X 104505  |U V180  |Y 18  |7 104505 
242 0 1 |a Residence house  |y eng 
245 1 0 |a Bytový dom 
260 |c 2023 
650 4 |a Bytový dom  |2 slo 
650 4 |a Realizačná dokumentácia  |2 slo 
650 4 |a Bakalárska práca  |2 slo 
650 4 |a Residential housing  |2 eng 
650 4 |a Bachelor thesis  |2 eng 
650 4 |a Implementation documentation  |2 eng 
700 1 |a Dlhý, Dušan  |u 010180  |k Z1  |4 ths  |U SvF Stavebná fakulta  |T SvF Katedra konštrukcií pozemných stavieb  |X 712  |U V180  |Y 18  |7 A000000712 
856 4 |u http://is.stuba.sk/zp/portal_zp.pl?podrobnosti=156715 
856 4 |u https://opac.crzp.sk/?fn=detailBiblioForm&sid=0A15AC6E5E2ED0F3D5D5C0342BCF